Bilancia a analýza reakčnej sekcie Fluidného katalytického krakovania

Saved in:
Bibliographic Details
Main Author: Jánošíková, Šárka (Author)
Other Authors: Steltenpohl, Pavol (Thesis advisor)
Format: Manuscript Book
Language:Slovak
Published: 2021
Subjects:
Online Access:http://is.stuba.sk/zp/portal_zp.pl?podrobnosti=157577
Tags: Add Tag
No Tags, Be the first to tag this record!

MARC

LEADER 00000ntm a22000003a 4500
001 stuzp83604
003 SK-STU
005 20210605210351.8
007 ta
008 150427s2015----xo-----f-mn---000-0-slo-d
040 |a STU  |b slo 
041 0 |a slo 
100 1 |a Jánošíková, Šárka  |u 046000  |4 aut  |U FCHPT Fakulta chemickej a potravinárskej technológie  |T FCHPT Ústav chemického a environmentálneho inžinierstva  |X 88562  |U C6000  |Y 104  |7 88562 
242 0 1 |a Balance and analysis of the FCC reaction section  |y eng 
245 1 0 |a Bilancia a analýza reakčnej sekcie Fluidného katalytického krakovania 
260 |c 2021 
650 4 |a fluidné katalytické krakovanie  |2 slo 
650 4 |a benzínová frakcia  |2 slo 
650 4 |a simulácia  |2 slo 
650 4 |a Aspen HYSYS  |2 slo 
650 4 |a fluid catalytic cracking unit  |2 eng 
650 4 |a naphtha  |2 eng 
650 4 |a simulation  |2 eng 
650 4 |a Aspen HYSYS  |2 eng 
700 1 |a Steltenpohl, Pavol  |u 046230  |k Z1  |4 ths  |U FCHPT Ústav chemického a environmentálneho inžinierstva  |T FCHPT Oddelenie chemického a biochemického inžinierstva  |X 3929  |U C6230  |Y 119  |7 A000003929 
856 4 |u http://is.stuba.sk/zp/portal_zp.pl?podrobnosti=157577